000 01126nam a22003017a 4500
001 BR8007513
003 BR-BrBNA
005 20230928090849.0
007 ta
008 230509b bl.||||| |||| 00| 0 por d
040 _aBR-BrBNA
_bpor
_cBiblioteca Nacional de Agricultura
041 _a(Por)
072 _aE70; F00; L00
_b1300
_b6000
_b/G514
090 _ 1300 BR8007513
100 1 _aWerner, R.A.
100 1 _aGomes, J. de M.
110 1 _aAssociacao de Credito e Assistencia Rural do Estado de Santa Catarina, Florianopolis (Brasil);
_9468
110 1 _aEmpresa de Assistencia Tecnica e Extensao Rural do Estado de Santa Catarina, Florianopolis (Brasil)
_94031
245 1 _aRemuneracao do produtor de hortigranjeiros: uma contribuicao [comercializacao, Brasil]
260 3 _aFlorianopolis, SC (Brasil):
_c1980.
300 _a13 p.
500 _a(*) Documento disponível no(a) Associacao de Credito e Assistencia Rural do Estado de Santa Catarina, Florianopolis (Brazil)
650 _aHORTICULTURA
650 _aGRANJA
650 _aCOMERCIALIZACAO
909 _a202309
_bLucia
_c55
_dLucia Elande
942 _cBK
999 _c30972
_d30972